000 01106cam a2200337 a 4500
001 1854
005 20231005085734.0
020 _a9781405329378 (pbk.)
020 _a1405329378 (pbk.)
020 _a9780756636036
020 _a0756636035
020 _a9780756636067
020 _a075663606X
040 _aUKM
_cUKM
_dBTCTA
_dBAKER
_dIH7
_dDLC
050 0 0 _aPN1997.S65943
_bB44 2008
082 0 4 _a428.6
_222
100 1 _aBeecroft, Simon.
245 1 0 _aStar wars epic battles /
_cwritten by Simon Beecroft.
246 3 0 _aEpic battles
260 _aLondon ;
_aNew York :
_bDK Publishing,
_c2008.
300 _a48 pages :
_bcolor illustrations ;
_c23 cm.
490 1 _aDK readers.
_a4,
_aProficient readers
500 _aIncludes index.
505 _aF
520 _a"Jedi knights versus Sith lords, clone troopers versus battle droids - relive the biggest, baddest battles ever."--Cover, p.4.
521 _a340
_bLexile
521 _aF
_bRaz-Plus
650 0 _aStar Wars films
_vMiscellanea
_vJuvenile literature.
906 _a7
_bcbc
_ccopycat
_d2
_encip
_f20
_gy-gencatlg
942 _2ddc
_cBK
_n0
999 _c1854
_d1854